<?xml version="1.0" encoding="UTF-8"?>
<record
    xmlns:xsi="http://www.w3.org/2001/XMLSchema-instance"
    xsi:schemaLocation="http://www.loc.gov/MARC21/slim http://www.loc.gov/standards/marcxml/schema/MARC21slim.xsd"
    xmlns="http://www.loc.gov/MARC21/slim">

  <leader>00275    a2200109   4500</leader>
  <datafield tag="245" ind1=" " ind2=" ">
    <subfield code="a">Mine boy</subfield>
    <subfield code="h">print</subfield>
  </datafield>
  <datafield tag="650" ind1=" " ind2=" ">
    <subfield code="a">literature</subfield>
  </datafield>
  <controlfield tag="005">20191021095222.0</controlfield>
  <datafield tag="260" ind1=" " ind2=" ">
    <subfield code="a">enk</subfield>
    <subfield code="b">D. Crisp</subfield>
    <subfield code="c">[1946]</subfield>
  </datafield>
  <datafield tag="084" ind1=" " ind2=" ">
    <subfield code="a">PZ3.A1576 Mi</subfield>
  </datafield>
  <datafield tag="300" ind1=" " ind2=" ">
    <subfield code="a">183 p. 19 cm.</subfield>
    <subfield code="b">183 p. 19 cm.</subfield>
    <subfield code="c">183 p. 19 cm.</subfield>
  </datafield>
  <datafield tag="999" ind1=" " ind2=" ">
    <subfield code="c">11966</subfield>
    <subfield code="d">11966</subfield>
  </datafield>
</record>
